00413nam a2200157Ia 4500003000400000008004100004040001600045082001300061100001700074245005100091260004000142300001000182490002600192650001500218650002200233GCL140319s9999 xx 000 0 eng d aGCL / cGCL04a843bH M1 aHEMON, LOUIS10aMONSIEUR RIPOIS ET LA NEMESIS / cHEMON, LOUIS a[S.N] : bBERNARD GRASSET ، c1983 a315 P aLES CAHIERS ROUGESv004aLITERATURE04aFRENCH LITERATURE